Statistiques concernant Les 20 capitales les plus proches de Santiago (Chili) à vol d'oiseau

Cliquez ici pour prendre le quiz!

Statistiques générales

  • Ce quiz a été pris 115 fois
  • Le résultat moyen est 14 sur 20

Statistiques - réponses

Distance (km)Capitale% Correct
1 140Buenos Aires (Argentine)
98%
2 469Lima (Pérou)
96%
4 263Bogota (Colombie)
95%
3 016Brasilia (Brésil)
95%
1 344Montevideo (Uruguay)
92%
3 792Quito (Équateur)
92%
4 906Caracas (Venezuela)
89%
1 905La Paz (Bolivie)
89%
4 795Panama City (Panama)
84%
1 561Asuncion (Paraguay)
83%
5 034San José (Costa Rica)
69%
4 669Paramaribo (Suriname)
64%
4 672Georgetown (Guyana)
63%
5 005Port-d'Espagne (Trinité-et-Tobago)
51%
5 334Managua (Nicaragua)
50%
5 382Castries (Sainte-Lucie)
45%
5 284Kingstown (Saint-Vincent-et-les-Grenadines)
44%
5 517Roseau (Dominique)
41%
5 153Saint-Georges (Grenade)
41%
5 313Bridgetown (Barbade)
40%

Distribution des résultats

Percentile par nombre de réponses

% des personnes avec chaque résultat

Votre développement - résultats

Vous n’avez pas pris ce quiz